| 000 | 00405nam a22001697a 4500 | ||
|---|---|---|---|
| 003 | CEME | ||
| 005 | 20210628203708.0 | ||
| 008 | 210324b xxu||||| |||| 00| 0 eng d | ||
| 020 | _a0-13-342239-9 | ||
| 040 | _c. | ||
| 082 | _a004 LON'C | ||
| 100 |
_aLang, Nancy , Long, Larry _966895 |
||
| 245 | _aComputing | ||
| 260 |
_aENGLWOOD CLIF _bPRENTICE HALL _c1995 |
||
| 300 | _aXI, 308P | ||
| 942 |
_cBK _2ddc |
||
| 999 |
_c574763 _d574763 |
||